Vis-a-vis: beginning French. / (Record no. 2099)
[ view plain ]
| 000 -LEADER | |
|---|---|
| fixed length control field | 01655nam a22002057a 4500 |
| 008 - FIXED-LENGTH DATA ELEMENTS--GENERAL INFORMATION | |
| fixed length control field | 120822t xxu||||| |||| 00| 0 eng d |
| 020 ## - INTERNATIONAL STANDARD BOOK NUMBER | |
| International Standard Book Number | 0073655120 |
| 050 ## - LIBRARY OF CONGRESS CALL NUMBER | |
| Classification number | PC2129.E5 A48 |
| 100 ## - MAIN ENTRY--PERSONAL NAME | |
| Personal name | Amon, Evelyne |
| 245 ## - TITLE STATEMENT | |
| Title | Vis-a-vis: beginning French. / |
| Statement of responsibility, etc. | Evelyne Amon, Judith A. Muyskens and Alice C. Omaggio Hadley |
| 250 ## - EDITION STATEMENT | |
| Edition statement | 2nd ed. |
| 260 ## - PUBLICATION, DISTRIBUTION, ETC. | |
| Place of publication, distribution, etc. | New York: |
| Name of publisher, distributor, etc. | McGraw Hill, |
| Date of publication, distribution, etc. | 2000. |
| 300 ## - PHYSICAL DESCRIPTION | |
| Extent | xxxv, 455 p.: |
| Other physical details | ill.; |
| Dimensions | 26cm. |
| 500 ## - GENERAL NOTE | |
| General note | Includes index. |
| 505 ## - FORMATTED CONTENTS NOTE | |
| Formatted contents note | Contens: Une nouvelle aventure: initiation les comediens -- Nous, les etudiants: initiation L'anniversaire -- Ils ont l'air gentils!: initiation faire connaissance -- A la maison: initiation une etudiante desordonee -- De generation en generation: initiation une famille nombreuse -- A table!: initiation le repas fait maison -- Les plaisirs de la cuisine: initiation au restaurant -- Vive les vacancies!: initiation l'agence de voyages -- En route!: initiation le champion de ski -- Le Nouveau millenaire: initiation la television: pour ou contre -- Vivre en ville: initiation comment aller a la gare -- La passion pour les arts: initiation matisse: ses chefs d'oeuvre -- La vie quotidienne: initiatiation chez le medicin -- Sur le marche du travail: initiation choisir sa voie professionnelle -- Les loisirs: initiation une promenade deans le parc -- Qu'en pensez-vous?: initiation dividence d' opinions -- Appendix A: glossary of grammatical terms -- Appendix B: verbs charts -- Appendix C: perfect tenses. |
| 650 ## - SUBJECT ADDED ENTRY--TOPICAL TERM | |
| Topical term following geographic name entry element | French language -- Textbooks for foreign speakers -- English. |
| 700 ## - ADDED ENTRY--PERSONAL NAME | |
| Personal name | Muyskens, Judith A. |
| 700 ## - ADDED ENTRY--PERSONAL NAME | |
| Personal name | Hadley, Alice C. Omaggio |
| 942 ## - ADDED ENTRY ELEMENTS (KOHA) | |
| Source of classification or shelving scheme | Library of Congress Classification |
| Koha item type | Books |
| Withdrawn status | Lost status | Source of classification or shelving scheme | Damaged status | Not for loan | Home library | Current library | Shelving location | Date acquired | Total Checkouts | Full call number | Barcode | Date last seen | Copy number | Price effective from | Koha item type |
|---|---|---|---|---|---|---|---|---|---|---|---|---|---|---|---|
| Library of Congress Classification | WISCONSIN INTERNATIONAL UNIVERSITY COLLEGE, GHANA - MAIN LIBRARY | WISCONSIN INTERNATIONAL UNIVERSITY COLLEGE, GHANA - MAIN LIBRARY | General Stacks | 22/08/2012 | PC2129.E5 A48 | 4539/12 | 22/08/2012 | 1 | 22/08/2012 | Books | |||||
| Library of Congress Classification | WISCONSIN INTERNATIONAL UNIVERSITY COLLEGE, GHANA - MAIN LIBRARY | WISCONSIN INTERNATIONAL UNIVERSITY COLLEGE, GHANA - MAIN LIBRARY | General Stacks | 22/08/2012 | PC2129.E5 A481 | 4540/12 | 22/08/2012 | 2 | 22/08/2012 | Books | |||||
| Library of Congress Classification | WISCONSIN INTERNATIONAL UNIVERSITY COLLEGE, GHANA - MAIN LIBRARY | WISCONSIN INTERNATIONAL UNIVERSITY COLLEGE, GHANA - MAIN LIBRARY | General Stacks | 22/08/2012 | PC2129.E5 A482 | 4541/12 | 22/08/2012 | 3 | 22/08/2012 | Books | |||||
| Library of Congress Classification | WISCONSIN INTERNATIONAL UNIVERSITY COLLEGE, GHANA - MAIN LIBRARY | WISCONSIN INTERNATIONAL UNIVERSITY COLLEGE, GHANA - MAIN LIBRARY | General Stacks | 22/08/2012 | PC2129.E5 A483 | 4542/12 | 22/08/2012 | 4 | 22/08/2012 | Books |
